|
|
|
|
| LEADER |
00000nab a2200000 a 4500 |
| 001 |
vtls008528069 |
| 003 |
SK-MaSNL |
| 005 |
20260304143913.0 |
| 008 |
250505c2006 xo mr|p|||||||000 b|slo |
| 015 |
|
|
|a SNBRB2006/02
|2 snkbucl
|
| 035 |
|
|
|a urn:nbn:sk:snk-ab8bpz
|
| 035 |
|
|
|a (urnnbn)urn:nbn:sk:snk:ar-a07ugj
|
| 035 |
|
|
|a (uuid)265608a4-eab1-4fac-9a1f-0f21ac601a6b
|
| 038 |
|
|
|a SNKBUCL
|
| 040 |
|
|
|a SNKBUCL
|b slo
|c SNKBUCL
|e AACR2
|
| 041 |
0 |
|
|a slo
|
| 044 |
|
|
|a xo
|c SK
|
| 080 |
|
|
|a 339.174:658.8
|2 1997
|
| 080 |
|
|
|a 658.8
|2 1997
|
| 080 |
|
|
|a 061.4
|2 1997
|
| 080 |
|
|
|a 339.138
|2 1997
|
| 245 |
0 |
0 |
|a Veľtrhy sú najvýznamnejší marketingový nástroj
|c [rozhovor s] Jaroslavom Vondruškom [pripravil] (JV)
|
| 300 |
|
|
|b Fotogr.
|
| 650 |
0 |
7 |
|a veľtrhy
|2 snkbucl
|9 14535
|
| 650 |
0 |
7 |
|a marketing
|2 snkbucl
|9 2299
|
| 700 |
1 |
|
|a Vondruška, Jaroslav
|4 ive
|9 1465130
|
| 773 |
0 |
|
|t Eurobiznis
|g Január (2006), s. 14-15
|x 1336-393X
|
| 850 |
|
|
|a Slovenská národná knižnica
|
| 852 |
|
|
|a Slovenská národná knižnica
|
| 954 |
|
|
|a odborná, vedecká literatúra pôvodná (slovenská)
|2 lita
|
| 958 |
|
|
|a article9
|
| 958 |
|
|
|a OND
|
| 958 |
|
|
|a EUIPO
|
| 999 |
|
|
|c 2928175
|d 2930105
|